Napoléon và các nhà khoa học
Nội dung nói về tiểu sử, sự nghiệp của Napoléon và các nhà khoa học giúp ta thất tòan diện hơn về côn người của Napoléon.
Сохранить в:
| Главный автор: | |
|---|---|
| Формат: | |
| Язык: | Undetermined |
| Опубликовано: |
Hà Nội
Văn hóa Thông tin
2010
|
| Предметы: | |
| Метки: |
Добавить метку
Нет меток, Требуется 1-ая метка записи!
|
| Thư viện lưu trữ: | Trung tâm Học liệu Trường Đại học Cần Thơ |
|---|
| LEADER | 00773nam a2200217Ia 4500 | ||
|---|---|---|---|
| 001 | CTU_155365 | ||
| 008 | 210402s9999 xx 000 0 und d | ||
| 020 | |c 33000 | ||
| 082 | |a 920.044 | ||
| 082 | |b K310 | ||
| 100 | |a Đoàn, Như Kim | ||
| 245 | 0 | |a Napoléon và các nhà khoa học | |
| 245 | 0 | |c Đoàn Như Kim | |
| 260 | |a Hà Nội | ||
| 260 | |b Văn hóa Thông tin | ||
| 260 | |c 2010 | ||
| 520 | |a Nội dung nói về tiểu sử, sự nghiệp của Napoléon và các nhà khoa học giúp ta thất tòan diện hơn về côn người của Napoléon. | ||
| 650 | |a History,Lịch sử | ||
| 650 | |x Biograhy,Tiểu sử | ||
| 904 | |i QHieu | ||
| 980 | |a Trung tâm Học liệu Trường Đại học Cần Thơ | ||